000 00312nam a2200121Ia 4500
008 240731s9999 xx 000 0 und d
022 _a2230-326X
245 0 _aPsoriasis: Targets and Therapy
260 _bDove Medical Press
856 _uhttps://www.tandfonline.com/loi/dptt20
942 _2ddc
942 _cTFEJ
999 _c79055
_d79055
945 _a1
_bMadushi Gamage
_c1
_dMadushi Gamage